[Event "IECC CL6-2001.01"]
[Site "IECC email"]
[Date "2001.01.08"]
[Round "?"]
[White "Pliszka, Andrzej"]
[Black "Leanza, Marco Antonio"]
[Result "1/2-1/2"]
[WhiteElo "1362"]
[BlackElo "1257"]
[PlyCount "38"]
[EventDate "2001.??.??"]
[EventType "tourn (corr)"]
[EventRounds "4"]
[SourceTitle "Corr 2008"]
[Source "ChessBase"]
[SourceDate "2008.06.24"]
[SourceVersion "1"]
[SourceVersionDate "2008.06.24"]
[SourceQuality "1"]

1. e4 e5 2. Nf3 Nf6 3. Nxe5 d6 4. Nf3 Nxe4 5. d4 d5 6. Bd3 Be7 7. 0-0 Nc6 8. Nbd2 Bf5 9. Qe2 Nxd2 10. Bxd2 Bxd3 11. Qxd3 0-0 12. c4 dxc4 13. Qxc4 Bf6 14. Bc3 Ne7 15. Rae1 c6 16. Ne5 Nd5 17. Ng4 Be7 18. Ne3 Bf6 19. Nxd5 Qxd5 1/2-1/2

[Event "IECC CL6-2001.01"]
[Site "IECC email"]
[Date "2001.01.08"]
[Round "?"]
[White "Venturas, Bob"]
[Black "Pliszka, Andrzej"]
[Result "0-1"]
[WhiteElo "1134"]
[BlackElo "1339"]
[PlyCount "78"]
[EventDate "2001.??.??"]
[EventType "tourn (corr)"]
[EventRounds "4"]
[SourceTitle "Corr 2008"]
[Source "ChessBase"]
[SourceDate "2008.06.24"]
[SourceVersion "1"]
[SourceVersionDate "2008.06.24"]
[SourceQuality "1"]

1. d4 d5 2. Nc3 Nf6 3. Nf3 Bf5 4. g3 e6 5. a3 c5 6. e3 cxd4 7. Qxd4 Nc6 8. Bb5 Bxc2 9. Ne5 Qc7 10. Bxc6+ bxc6 11. Bd2 c5 12. Qf4 c4 13. 0-0 Bd6 14. Nb5 Qb8 15. Nxd6+ Qxd6 16. Bb4 Qc7 17. Qd4 a5 18. Bc3 Ne4 19. Nf3 Nxc3 20. Qxc3 Bg6 21. Qxg7 Ke7 22. Ng5 Rag8 23. Qd4 f6 24. Nf3 Rb8 25. h4 Rb3 26. Rfd1 Bd3 27. Nd2 Rbb8 28. Rac1 Qe5 29. Qg4 f5 30. Qg5+ Qf6 31. Qf4 e5 32. Qg5 Qxg5 33. hxg5 Rbg8 34. f4 h6 35. b3 hxg5 36. bxc4 gxf4 37. cxd5 fxg3 38. Nf1 Rh1+ 39. Kg2 Be4# 0-1